The taste of ethnographic things : the senses in anthropology

Αποθηκεύτηκε σε:
Λεπτομέρειες βιβλιογραφικής εγγραφής
Κύριος συγγραφέας: Stoller, Paul
Μορφή: Βιβλίο
Γλώσσα:English
Δημοσίευση: University of Pennsylvania Press, c1989
Σειρά:Contemporary ethnography series
Θέματα:
Ετικέτες: Προσθήκη ετικέτας
Δεν υπάρχουν, Καταχωρήστε ετικέτα πρώτοι!

MARC

LEADER 00000nam a2200000 i 4500
001 1/62963
008 930922s1989 eng d
020 |a 0-8122-1292-4 
035 |a ΛΕΣΒΟΣb10001130  |l 10001130 
040 |a GR-MY-UA  |b gre  |e aacr 
041 0 |a eng 
082 0 |a 306.096626 
100 1 |a Stoller, Paul. 
245 1 4 |a The taste of ethnographic things :  |b the senses in anthropology /  |c Paul Stoller 
260 |b University of Pennsylvania Press,   |c c1989 
300 |a 182 p. 
490 1 |a Contemporary ethnography series 
500 |a Portions of chapter 8 from Discourse and the social life of meaning, ed. P. Chock and J. Wyman. 
504 |a Bibliography: p.167-177; Includes index 
650 0 0 |a Songhai (African people) 
650 0 0 |a Senses and sensation  |x Cross-cultural studies. 
650 0 0 |a Ethnology  |z Niger  |x Field work. 
830 0 |a Contemporary ethnography series 
852 |a INST  |b LESVOS  |e 19930922  |h 306.096626 STO  |p 005100010513  |q 005100010513  |t BK  |y 0 
852 |a INST  |b LESVOS  |e 19980512  |h 306.096626 STO  |p 005100014626  |q 005100014626  |t BK  |y 0 
901 |a BIBL-1998-2 
909 |a Λ  |b 020022 
909 |a Λ  |b 058333 
922 |a 1ΕΛΗ  |b 199805  |c ΚΠΣ/ΤΚ  |d ΠΑΠΑΣΩΤΗΡΙΟΥ 
950 |a 103-1998-03-03